[Event "Odense-ch C"]
[Site "Odense"]
[Date "2019.10.12"]
[Round "2"]
[White "Schou Moldt, Thomas"]
[Black "Grove, Peter"]
[Result "0-1"]
[WhiteElo "2201"]
[BlackElo "2190"]
[PlyCount "80"]
[EventDate "2019.10.11"]
[EventType "tourn"]
[EventRounds "5"]
[EventCountry "DEN"]
[SourceTitle "EXT 2021"]
[Source "ChessBase"]
[SourceDate "2020.10.23"]
[SourceVersion "1"]
[SourceVersionDate "2020.10.23"]
[SourceQuality "1"]

1. e4 e5 2. Bc4 Nf6 3. Nc3 Nc6 4. Nge2 Nxe4 5. Nxe4 d5 6. Bd3 dxe4 7. Bxe4 Be6 8. d4 Bd5 9. Bxd5 Qxd5 10. 0-0 0-0-0 11. c3 exd4 12. cxd4 Nxd4 13. Be3 Nf5 14. Qc1 Nxe3 15. Qxe3 Bc5 16. Qh3+ Qd7 17. Qc3 Bd4 18. Qb3 Bb6 19. Nc3 Qf5 20. Na4 Bd4 21. Rac1 Rhe8 22. Nc3 Kb8 23. Qc4 c6 24. Qb3 h5 25. Nd1 Re6 26. Rc4 Bb6 27. Rc3 Qd5 28. Qc2 Qd2 29. Qxd2 Rxd2 30. g3 g6 31. Kg2 Bd4 32. Rf3 f6 33. Rb3 Kc7 34. Kf3 f5 35. Kf4 Bf6 36. h4 Ree2 37. Kf3 Bxb2 38. Nxb2 Rxb2 39. Kf4 Rxa2 40. Kg5 Re6 0-1

[Event "Odense-ch C"]
[Site "Odense"]
[Date "2019.10.11"]
[Round "1"]
[White "Grove, Peter"]
[Black "Laursen, Niels Norskov"]
[Result "0-1"]
[WhiteElo "2190"]
[BlackElo "2264"]
[PlyCount "88"]
[EventDate "2019.10.11"]
[EventType "tourn"]
[EventRounds "5"]
[EventCountry "DEN"]
[SourceTitle "EXT 2021"]
[Source "ChessBase"]
[SourceDate "2020.10.23"]
[SourceVersion "1"]
[SourceVersionDate "2020.10.23"]
[SourceQuality "1"]

1. Nf3 Nf6 2. d4 g6 3. c4 Bg7 4. Nc3 d5 5. Bf4 0-0 6. e3 c5 7. dxc5 Qa5 8. Rc1 dxc4 9. Bxc4 Nc6 10. 0-0 Qxc5 11. Bb3 Qa5 12. h3 Bf5 13. Qe2 Ne4 14. Nxe4 Bxe4 15. Nd2 Bf5 16. Rfd1 Rad8 17. Nc4 Qa6 18. Rxd8 Rxd8 19. Rd1 Rc8 20. e4 Be6 21. Qd3 h5 22. Ne3 Qxd3 23. Rxd3 Nd4 24. Bxe6 Nxe6 25. Bg3 Nc5 26. Nd5 Kf8 27. Ra3 Nxe4 28. Bf4 e6 29. Nc3 Nxc3 30. bxc3 a6 31. Rb3 b5 32. Bd2 Rc4 33. Ra3 Rc6 34. Rb3 Ke8 35. Kf1 Kd7 36. Ke2 Kc8 37. Kd3 Rc4 38. Rb4 Rxb4 39. cxb4 Kd7 40. g4 hxg4 41. hxg4 Kc6 42. g5 Kd5 43. f3 Be5 44. a3 Bg3 0-1

[Event "Helsingor Xtracon op"]
[Site "Helsingor"]
[Date "2019.07.26"]
[Round "8"]
[White "Pekin, Tolgay"]
[Black "Grove, Peter"]
[Result "1-0"]
[WhiteElo "2070"]
[BlackElo "2239"]
[PlyCount "95"]
[EventDate "2019.07.20"]
[EventType "swiss"]
[EventRounds "10"]
[EventCountry "DEN"]
[SourceTitle "CBM 191 Extra"]
[Source "ChessBase"]
[SourceDate "2019.09.30"]
[SourceVersion "1"]
[SourceVersionDate "2019.09.30"]
[SourceQuality "1"]

1. e4 c5 2. Nf3 Nc6 3. Bb5 g6 4. Bxc6 bxc6 5. 0-0 Bg7 6. Re1 Nf6 7. c3 0-0 8. d4 cxd4 9. cxd4 d5 10. e5 Ne4 11. Nbd2 Nxd2 12. Bxd2 Qb6 13. Re3 Bg4 14. Bc3 a5 15. h3 Bxf3 16. Rxf3 e6 17. Qb3 Qa6 18. Rc1 Bh6 19. Rd1 Rfc8 20. h4 c5 21. h5 a4 22. Qc2 cxd4 23. Rxd4 Rc4 24. hxg6 hxg6 25. b3 axb3 26. axb3 Qa1+ 27. Rd1 Rxc3 28. Rxc3 Qa6 29. Rc6 Qb5 30. Rc8+ Rxc8 31. Qxc8+ Kg7 32. Qc3 Bg5 33. g3 Be7 34. Ra1 Qe2 35. Ra8 Qe4 36. Qc8 Kh6 37. Qh8+ Kg5 38. Qh4+ Qxh4 39. gxh4+ Kf5 40. Ra7 Bxh4 41. Rxf7+ Kxe5 42. Rg7 Kf4 43. b4 d4 44. Rd7 Kf3 45. Kf1 e5 46. b5 e4 47. Rf7+ Kg4 48. b6 1-0

[Event "Helsingor Xtracon op"]
[Site "Helsingor"]
[Date "2019.07.23"]
[Round "5"]
[White "Grove, Peter"]
[Black "Hauge, Lars Oskar"]
[Result "0-1"]
[WhiteElo "2239"]
[BlackElo "2476"]
[PlyCount "120"]
[EventDate "2019.07.20"]
[EventType "swiss"]
[EventRounds "10"]
[EventCountry "DEN"]
[SourceTitle "CBM 191 Extra"]
[Source "ChessBase"]
[SourceDate "2019.09.30"]
[SourceVersion "1"]
[SourceVersionDate "2019.09.30"]
[SourceQuality "1"]

1. Nf3 f5 2. d3 d6 3. e4 e5 4. Nc3 Nc6 5. d4 fxe4 6. Nxe4 d5 7. Nc3 e4 8. Bg5 Be7 9. Bxe7 Ngxe7 10. Ng1 0-0 11. Qd2 Nf5 12. Nge2 Nce7 13. Ng3 Ng6 14. 0-0-0 c6 15. Nxf5 Rxf5 16. Re1 Nh4 17. Nd1 Qf6 18. Re3 Be6 19. f3 Rf8 20. Qe1 exf3 21. Rxe6 Qg5+ 22. Qe3 fxg2 23. Bxg2 Nxg2 24. Qxg5 Rxg5 25. Re7 Rf7 26. Re8+ Rf8 27. Re7 Nf4 28. Rxb7 Ne2+ 29. Kb1 Nxd4 30. Rxa7 Rg2 31. c3 Nf3 32. a4 Nd2+ 33. Ka2 Rb8 34. a5 Rg4 35. b4 d4 36. a6 dxc3 37. Nxc3 Rgxb4 38. Rg1 g6 39. Rg3 Rb2+ 40. Ka1 R2b3 41. Ka2 Nc4 42. Na4 R3b4 43. Nc3 Rb2+ 44. Ka1 Na3 45. Rb7 R2xb7 46. axb7 Rxb7 47. Ne4 Nc2+ 48. Ka2 Nd4 49. Rd3 Nf5 50. Rc3 Rc7 51. Kb3 Kf7 52. Kc4 Ke6 53. Kc5 Ke5 54. Ng5 h6 55. Kb6 Re7 56. Nf3+ Kf4 57. Kxc6 g5 58. Nd2 Re2 59. Rf3+ Kg4 60. h3+ Kh4 0-1

[Event "DEN-chT 1819 57th"]
[Site "Denmark"]
[Date "2018.10.27"]
[Round "1.3"]
[White "Nielsen, Thomas Bach"]
[Black "Grove, Peter"]
[Result "0-1"]
[WhiteElo "2136"]
[BlackElo "2213"]
[PlyCount "96"]
[EventDate "2018.10.27"]
[EventType "team-tourn"]
[EventRounds "9"]
[EventCountry "DEN"]
[SourceTitle "CBM 187 Extra"]
[Source "ChessBase"]
[SourceDate "2018.11.04"]
[SourceVersion "1"]
[SourceVersionDate "2018.11.04"]
[SourceQuality "1"]
[WhiteTeam "BMS"]
[BlackTeam "Skanderborg Nordea"]
[WhiteTeamCountry "DEN"]
[BlackTeamCountry "DEN"]

1. d4 d5 2. c4 dxc4 3. Nc3 Nf6 4. e4 Nc6 5. e5 Nd5 6. Bxc4 Nb6 7. Bb5 Bd7 8. Nf3 e6 9. 0-0 Nb4 10. Be2 Bc6 11. a3 N4d5 12. Qc2 f5 13. exf6 gxf6 14. Bb5 Bxb5 15. Nxb5 Qd7 16. Qe2 a6 17. Nc3 0-0-0 18. Re1 Re8 19. Ne4 Qc6 20. Bd2 Qc4 21. Rac1 Qxe2 22. Rxe2 Nd7 23. Nc5 Nxc5 24. dxc5 Kd7 25. b4 e5 26. Rce1 a5 27. Nh4 axb4 28. axb4 Ra8 29. f4 exf4 30. Nf5 Ra2 31. Rd1 c6 32. Re4 Rg8 33. h4 Rg4 34. g3 Ra4 35. Kg2 f3+ 36. Kxf3 Rxe4 37. Kxe4 Bxc5 38. Kf3 Bxb4 39. Bxb4 Rxb4 40. Rd3 Ke6 41. g4 Rb1 42. h5 c5 43. Rd2 c4 44. Re2+ Kd7 45. Rd2 Kc6 46. Ke4 Re1+ 47. Kd4 b5 48. Nh6 Rf1 0-1

[Event "Aarhus Festuge"]
[Site "Aarhus"]
[Date "2018.09.15"]
[Round "8"]
[White "Kotronias, Vasilios"]
[Black "Grove, Peter"]
[Result "0-1"]
[WhiteElo "2505"]
[BlackElo "2206"]
[PlyCount "76"]
[EventDate "2018.09.08"]
[EventType "tourn"]
[EventRounds "9"]
[EventCountry "DEN"]
[EventCategory "6"]
[SourceTitle "CBM 186 Extra"]
[Source "ChessBase"]
[SourceDate "2018.08.24"]
[SourceVersion "1"]
[SourceVersionDate "2018.08.24"]
[SourceQuality "1"]

1. e4 e5 2. Nf3 Nf6 3. Nxe5 d6 4. Nf3 Nxe4 5. d4 d5 6. Bd3 Nd6 7. 0-0 Be7 8. Bf4 0-0 9. Re1 Re8 10. Nbd2 Nd7 11. c3 Nf8 12. Qc2 g6 13. Rac1 Ne6 14. Be5 Ng7 15. Qb3 Be6 16. h4 Bxh4 17. Bxd6 cxd6 18. Qxb7 Bf6 19. Qa6 g5 20. Nh2 g4 21. Qa4 Bg5 22. Qc2 h5 23. Nhf1 Qf6 24. Re2 Qh6 25. Rce1 Rec8 26. Qd1 Kh8 27. Nb1 Rf8 28. Na3 a6 29. Nc2 f5 30. Nb4 Bg8 31. Bxa6 Ra7 32. Bd3 f4 33. f3 Bh4 34. fxg4 hxg4 35. g3 fxg3 36. Rg2 Ne6 37. Nxg3 Nf4 38. Qxg4 Nxg2 0-1

[Event "Aarhus Festuge"]
[Site "Aarhus"]
[Date "2018.09.14"]
[Round "7"]
[White "Zumsande, Martin"]
[Black "Grove, Peter"]
[Result "1-0"]
[WhiteElo "2458"]
[BlackElo "2206"]
[PlyCount "105"]
[EventDate "2018.09.08"]
[EventType "tourn"]
[EventRounds "9"]
[EventCountry "DEN"]
[EventCategory "6"]
[SourceTitle "CBM 186 Extra"]
[Source "ChessBase"]
[SourceDate "2018.08.24"]
[SourceVersion "1"]
[SourceVersionDate "2018.08.24"]
[SourceQuality "1"]

1. e4 e5 2. Nf3 Nf6 3. Nxe5 d6 4. Nf3 Nxe4 5. Nc3 Nxc3 6. dxc3 Be7 7. Be3 Nc6 8. Qd2 Be6 9. 0-0-0 Qd7 10. Bd3 0-0-0 11. Qe2 Kb8 12. Bb5 Bf6 13. Bg5 Bxg5+ 14. Nxg5 Rde8 15. Nxe6 Qxe6 16. Qxe6 Rxe6 17. Bxc6 bxc6 18. Rhe1 Rhe8 19. Rxe6 Rxe6 20. Rd4 Re1+ 21. Kd2 Rg1 22. Rg4 g6 23. h4 Rh1 24. g3 Kc8 25. Ra4 Rf1 26. Ke3 Rc1 27. Rxa7 Kb8 28. Ra4 Rxc2 29. Rb4+ Ka7 30. f3 f5 31. Kf4 c5 32. Rb3 Re2 33. h5 Rh2 34. hxg6 hxg6 35. c4 Rc2 36. Kg5 Rxc4 37. Kxg6 d5 38. Kxf5 d4 39. Ke4 Rc2 40. f4 Rf2 41. Kd5 Rc2 42. f5 c6+ 43. Ke4 Re2+ 44. Kf3 Re5 45. Kf4 c4 46. Ra3+ Kb7 47. Kxe5 d3 48. f6 d2 49. f7 d1Q 50. f8Q Qe1+ 51. Kf6 Qf2+ 52. Kg7 Qxb2+ 53. Kg8 1-0

[Event "Aarhus Festuge"]
[Site "Aarhus"]
[Date "2018.09.11"]
[Round "4"]
[White "Grove, Peter"]
[Black "Matthiesen, Martin"]
[Result "0-1"]
[WhiteElo "2206"]
[BlackElo "2275"]
[PlyCount "144"]
[EventDate "2018.09.08"]
[EventType "tourn"]
[EventRounds "9"]
[EventCountry "DEN"]
[EventCategory "6"]
[SourceTitle "CBM 186 Extra"]
[Source "ChessBase"]
[SourceDate "2018.08.24"]
[SourceVersion "1"]
[SourceVersionDate "2018.08.24"]
[SourceQuality "1"]

1. d4 Nf6 2. c4 g6 3. Nc3 Bg7 4. e4 d6 5. Nf3 0-0 6. Be2 e5 7. 0-0 Nc6 8. dxe5 dxe5 9. Bg5 Bg4 10. Qxd8 Nxd8 11. Bxf6 Bxf6 12. Nd5 Bxf3 13. Bxf3 Bg5 14. Nxc7 Rc8 15. Nb5 Rxc4 16. Nxa7 Rb4 17. a4 Ne6 18. Nb5 Ra8 19. Nc3 Rxb2 20. Rfb1 Rxb1+ 21. Nxb1 Nc5 22. Nc3 Bd2 23. Nb5 Rxa4 24. Rxa4 Nxa4 25. Nd6 Nc5 26. Be2 Kf8 27. Bc4 Ke7 28. Nxf7 b5 29. Nxe5 bxc4 30. Nxc4 Bc3 31. f3 Bd4+ 32. Kh1 Kf6 33. g3 Nd3 34. f4 Nf2+ 35. Kg2 Nxe4 36. Kf3 Nc3 37. Nd6 Bc5 38. Nc4 Bg1 39. h3 Ba7 40. Ne5 Nd5 41. Nc4 Bb8 42. Nd2 Kf5 43. Ne4 h6 44. h4 h5 45. Nc5 Nf6 46. Nb3 Ba7 47. Nd2 Bb6 48. Nc4 Bc5 49. Ne5 Ng4 50. Nd3 Bd4 51. Nb4 Nh6 52. Nc6 Bf6 53. Nb4 Ke6 54. Nd3 Nf5 55. Ne1 Kd5 56. Ng2 Nd4+ 57. Ke3 Bd8 58. Kf2 Ke4 59. g4 Bc7 60. Kg3 Bb8 61. gxh5 gxh5 62. Kh3 Bxf4 63. Ne1 Bd2 64. Ng2 Kf3 65. Kh2 Kg4 66. Kg1 Kg3 67. Kh1 Nc2 68. Kg1 Kf3 69. Kh2 Be1 70. Kg1 Bg3 71. Kh1 Nd4 72. Kg1 Nf5 0-1

[Event "Aarhus Festuge"]
[Site "Aarhus"]
[Date "2018.09.10"]
[Round "3"]
[White "Skytte, Rasmus"]
[Black "Grove, Peter"]
[Result "1/2-1/2"]
[WhiteElo "2372"]
[BlackElo "2206"]
[PlyCount "82"]
[EventDate "2018.09.08"]
[EventType "tourn"]
[EventRounds "9"]
[EventCountry "DEN"]
[EventCategory "6"]
[SourceTitle "CBM 186 Extra"]
[Source "ChessBase"]
[SourceDate "2018.08.24"]
[SourceVersion "1"]
[SourceVersionDate "2018.08.24"]
[SourceQuality "1"]

1. d4 Nf6 2. Bg5 c5 3. d5 Ne4 4. Bf4 Qb6 5. Nd2 Qxb2 6. Nxe4 Qb4+ 7. Qd2 Qxe4 8. e3 Qa4 9. Be5 d6 10. Bb2 Bf5 11. Bd3 Bxd3 12. cxd3 Nd7 13. Ne2 Nf6 14. 0-0 Qd7 15. d4 cxd4 16. Bxd4 g6 17. Bxf6 exf6 18. Rab1 Bg7 19. Qb4 0-0 20. Qxb7 Qa4 21. Nc3 Qa5 22. Ne4 f5 23. Nxd6 Rad8 24. Qc6 Qxa2 25. Rb7 Be5 26. Nxf7 Rxf7 27. Rxf7 Kxf7 28. Qe6+ Kf8 29. Qxe5 Qxd5 30. Qh8+ Qg8 31. Qf6+ Ke8 32. Qc6+ Kf8 33. Qf6+ Ke8 34. Qc6+ Kf8 35. Qc5+ Kg7 36. Qe7+ Kh6 37. Qh4+ Kg7 38. Qe7+ Kh6 39. Qxa7 Qd5 40. h4 Qe4 41. Qc7 Qxh4 1/2-1/2

[Event "Helsingor Xtracon op"]
[Site "Helsingor"]
[Date "2018.07.27"]
[Round "8"]
[White "Grove, Peter"]
[Black "Nielsen, Viktor Haarmark"]
[Result "1/2-1/2"]
[WhiteElo "2202"]
[BlackElo "2332"]
[PlyCount "64"]
[EventDate "2018.07.21"]
[EventType "swiss"]
[EventRounds "10"]
[EventCountry "DEN"]
[SourceTitle "CBM 185 Extra"]
[Source "ChessBase"]
[SourceDate "2018.07.29"]
[SourceVersion "1"]
[SourceVersionDate "2018.07.29"]
[SourceQuality "1"]

1. c4 c5 2. Nc3 Nc6 3. Nf3 g6 4. e3 Nf6 5. d4 cxd4 6. exd4 d5 7. c5 Bg7 8. Bb5 0-0 9. h3 Ne4 10. 0-0 f5 11. Bf4 h6 12. Bxc6 bxc6 13. Be5 Bf6 14. Bh2 g5 15. Ne5 Qe8 16. Ne2 f4 17. Nd3 Bg7 18. f3 Nf6 19. Kh1 Nd7 20. Re1 Qg6 21. Ndxf4 gxf4 22. Nxf4 Rxf4 23. Bxf4 Qf6 24. Be5 Nxe5 25. dxe5 Qf4 26. Qc1 Qg3 27. Qe3 Rb8 28. f4 Qxe3 29. Rxe3 Rxb2 30. Rb3 Rxb3 31. axb3 a6 32. g3 Kf7 1/2-1/2

[Event "DEN-chT 1718 56th"]
[Site "Denmark"]
[Date "2018.03.10"]
[Round "8.1"]
[White "Grove, Peter"]
[Black "Noer, Martin Stampe"]
[Result "1-0"]
[WhiteElo "2190"]
[BlackElo "1864"]
[PlyCount "55"]
[EventDate "2017.11.18"]
[EventType "team-tourn"]
[EventRounds "9"]
[EventCountry "DEN"]
[SourceTitle "EXT 2019"]
[Source "ChessBase"]
[SourceDate "2018.10.10"]
[SourceVersion "1"]
[SourceVersionDate "2018.10.10"]
[SourceQuality "1"]
[WhiteTeam "Skanderborg Nordea"]
[BlackTeam "Nordkalotten"]
[WhiteTeamCountry "DEN"]
[BlackTeamCountry "DEN"]

1. e4 c6 2. d4 d5 3. Nc3 dxe4 4. Nxe4 Nf6 5. Nxf6+ exf6 6. c3 Bd6 7. Bd3 0-0 8. Qc2 Re8+ 9. Ne2 h5 10. Be3 Nd7 11. 0-0-0 Nf8 12. Ng3 Bg4 13. Rde1 Qa5 14. Ne4 Rad8 15. a3 Be6 16. h3 b5 17. g4 h4 18. g5 fxg5 19. Bxg5 Be7 20. Rhg1 Kh8 21. Qd1 g6 22. Qd2 Kg7 23. Bh6+ Kh7 24. Ng5+ Bxg5 25. Qxg5 Rd5 26. Qxh4 Rh5 27. Qxh5 f5 28. Qh4 1-0

[Event "Bronshoj Lang Weekend"]
[Site "Copenhagen"]
[Date "2018.02.17"]
[Round "4"]
[White "Andersen, Rune"]
[Black "Grove, Peter"]
[Result "0-1"]
[WhiteElo "2122"]
[BlackElo "2175"]
[PlyCount "48"]
[EventDate "2018.02.15"]
[EventType "swiss"]
[EventRounds "7"]
[EventCountry "DEN"]
[SourceTitle "CBM 183 Extra"]
[Source "ChessBase"]
[SourceDate "2018.04.19"]
[SourceVersion "1"]
[SourceVersionDate "2018.04.19"]
[SourceQuality "1"]

1. d4 Nf6 2. Nf3 g6 3. Bg5 Bg7 4. Nbd2 0-0 5. e4 d5 6. e5 Ne4 7. Bd3 Nxg5 8. Nxg5 c5 9. c3 cxd4 10. cxd4 Nc6 11. Nb3 Qb6 12. 0-0 Nxd4 13. Nxh7 Nxb3 14. Nxf8 Nxa1 15. Nxg6 fxg6 16. Re1 Bf5 17. Bxf5 gxf5 18. Qxa1 Rc8 19. Qd1 e6 20. b3 Qb4 21. g3 d4 22. Kg2 Rd8 23. Qc1 d3 24. Rd1 d2 0-1

[Event "Bronshoj Lang Weekend"]
[Site "Copenhagen"]
[Date "2018.02.16"]
[Round "3"]
[White "Grove, Peter"]
[Black "Fredericia, Louise Winther"]
[Result "1/2-1/2"]
[WhiteElo "2175"]
[BlackElo "2080"]
[PlyCount "85"]
[EventDate "2018.02.15"]
[EventType "swiss"]
[EventRounds "7"]
[EventCountry "DEN"]
[SourceTitle "CBM 183 Extra"]
[Source "ChessBase"]
[SourceDate "2018.04.19"]
[SourceVersion "1"]
[SourceVersionDate "2018.04.19"]
[SourceQuality "1"]

1. Nf3 c5 2. c4 g6 3. g3 Bg7 4. Bg2 Nc6 5. 0-0 e5 6. Nc3 Nge7 7. Ne1 0-0 8. Nc2 d6 9. a3 Rb8 10. b4 Be6 11. Ne3 f5 12. Ned5 e4 13. Rb1 Ne5 14. d3 Bxd5 15. Nxd5 Nxd5 16. cxd5 exd3 17. exd3 b6 18. Bb2 f4 19. Bxe5 Bxe5 20. Qg4 Qf6 21. Be4 Bd4 22. Kg2 Rbe8 23. h4 Re5 24. bxc5 bxc5 25. Qxf4 Qxf4 26. gxf4 Rxf4 27. Kg3 Rf7 28. f3 Ree7 29. Rb8+ Kg7 30. a4 Rb7 31. Rb1 Be5+ 32. Kh3 Rbc7 33. h5 c4 34. hxg6 hxg6 35. Rg1 Rf6 36. dxc4 Rxc4 37. Rb7+ Kh6 38. Rg4 Rc1 39. Rh4+ Kg5 40. Rg4+ Kh6 41. Rh4+ Kg5 42. Rg4+ Kh6 43. Rh4+ 1/2-1/2

[Event "Bronshoj Lang Weekend"]
[Site "Copenhagen"]
[Date "2018.02.15"]
[Round "1"]
[White "Grove, Peter"]
[Black "Tandrup, Michael"]
[Result "1-0"]
[WhiteElo "2175"]
[BlackElo "1944"]
[PlyCount "109"]
[EventDate "2018.02.15"]
[EventType "swiss"]
[EventRounds "7"]
[EventCountry "DEN"]
[SourceTitle "CBM 183 Extra"]
[Source "ChessBase"]
[SourceDate "2018.04.19"]
[SourceVersion "1"]
[SourceVersionDate "2018.04.19"]
[SourceQuality "1"]

1. e4 e6 2. d4 d5 3. Nd2 dxe4 4. Nxe4 Nd7 5. Bd3 Ngf6 6. Qe2 Be7 7. Nf3 b6 8. Ne5 Nxe5 9. Nxf6+ Bxf6 10. dxe5 Be7 11. 0-0 Bb7 12. Rd1 Qc8 13. Qg4 Kf8 14. a4 a5 15. Be3 Bc6 16. Bg5 Bxg5 17. Qxg5 Qd8 18. Qg4 Qe7 19. Bb5 Bxb5 20. axb5 g6 21. b4 Kg7 22. bxa5 bxa5 23. Qc4 Rhd8 24. h4 h5 25. Rxd8 Qxd8 26. Ra4 Qd7 27. Kh2 Kg8 28. Qe4 Qd5 29. Qxd5 exd5 30. Kg3 c6 31. bxc6 Rc8 32. Rxa5 Rxc6 33. Rxd5 Rxc2 34. f3 Kg7 35. Rd7 Re2 36. Kf4 Re1 37. Rd4 Re2 38. g3 Ra2 39. Re4 Ra6 40. Re3 Ra4+ 41. Kg5 Ra5 42. g4 hxg4 43. Kxg4 Ra1 44. f4 Rg1+ 45. Rg3 Ra1 46. h5 Ra4 47. Kg5 gxh5 48. Kxh5+ Kf8 49. Kg5 Ke7 50. Rb3 Ra7 51. Rb6 Rc7 52. f5 Rc8 53. Rb7+ Ke8 54. Kf6 Rc5 55. Re7+ 1-0

[Event "DEN-chT 1718 56th"]
[Site "Denmark"]
[Date "2017.12.17"]
[Round "4.1"]
[White "Grove, Peter"]
[Black "Klawitter, Harald"]
[Result "1-0"]
[WhiteElo "2190"]
[BlackElo "2125"]
[PlyCount "99"]
[EventDate "2017.11.18"]
[EventType "team-tourn"]
[EventRounds "9"]
[EventCountry "DEN"]
[SourceTitle "EXT 2019"]
[Source "ChessBase"]
[SourceDate "2018.10.10"]
[SourceVersion "1"]
[SourceVersionDate "2018.10.10"]
[SourceQuality "1"]
[WhiteTeam "Skanderborg Nordea"]
[BlackTeam "BOV"]
[WhiteTeamCountry "DEN"]
[BlackTeamCountry "DEN"]

1. e4 c5 2. d3 Nc6 3. g3 g6 4. Bg2 Bg7 5. f4 e6 6. Nf3 Nge7 7. 0-0 d6 8. c3 Rb8 9. Be3 0-0 10. a4 b6 11. Na3 d5 12. e5 d4 13. cxd4 Nf5 14. Bf2 Nfxd4 15. Nb5 Nf5 16. g4 Nfe7 17. d4 Nd5 18. Qc1 a6 19. Nd6 Nxd4 20. Nxd4 cxd4 21. Bxd4 Bd7 22. g5 Qe7 23. Qe1 Rfc8 24. Nxc8 Rxc8 25. Bxd5 exd5 26. Rc1 Rc4 27. Bxb6 Qe6 28. a5 Qg4+ 29. Qg3 Qe2 30. Rxc4 Qxc4 31. Qc3 Qe4 32. Qd4 Qe2 33. Qf2 Qg4+ 34. Qg2 Qe6 35. Rc1 Bf8 36. Bd4 Bb5 37. Qf3 Bb4 38. Bc5 Bxa5 39. Bd6 Bb6+ 40. Kg2 h5 41. gxh6 Qf5 42. h7+ Kxh7 43. Qh3+ Qxh3+ 44. Kxh3 Be3 45. Rc7 Kg8 46. Kg3 Bd2 47. Be7 d4 48. Rc8+ Kh7 49. Bf6 g5 50. f5 1-0

[Event "Fredericia Cand"]
[Site "Fredericia"]
[Date "2017.05.26"]
[Round "5"]
[White "Grove, Peter"]
[Black "Konstantinov, Maxim"]
[Result "1-0"]
[WhiteElo "2159"]
[BlackElo "2007"]
[PlyCount "62"]
[EventDate "2017.05.26"]
[EventType "swiss"]
[EventRounds "9"]
[EventCountry "DEN"]
[SourceTitle "CBM 178 Extra"]
[Source "ChessBase"]
[SourceDate "2017.06.22"]
[SourceVersion "1"]
[SourceVersionDate "2017.06.22"]
[SourceQuality "1"]

1. e4 c5 2. Nf3 d6 3. d4 cxd4 4. Qxd4 Nc6 5. Bb5 Bd7 6. Bxc6 Bxc6 7. Nc3 Nf6 8. Bg5 Qb6 9. Qd3 Ng4 10. 0-0 h6 11. Bd2 e6 12. h3 Ne5 13. Nxe5 dxe5 14. Qg3 Qxb2 15. Qxe5 Qxc2 16. Be3 Bb4 17. Nd5 Bxd5 18. exd5 0-0 19. Bd4 Qg6 20. dxe6 fxe6 21. Rab1 a5 22. Rb3 Rf5 23. Qe4 Qf7 24. Rg3 Bf8 25. Be5 Rd8 26. f4 b5 27. Rc1 b4 28. Rc7 Rd7 29. Rc8 a4 30. Qxb4 g6 31. Qxa4 Kh7 1-0

[Event "Copenhagen Bronshoj op"]
[Site "Copenhagen"]
[Date "2017.02.13"]
[Round "4"]
[White "Kragh, Niels Kristian"]
[Black "Grove, Peter"]
[Result "1/2-1/2"]
[WhiteElo "2117"]
[BlackElo "2170"]
[PlyCount "59"]
[EventDate "2017.02.10"]
[EventType "swiss"]
[EventRounds "7"]
[EventCountry "DEN"]
[SourceTitle "CBM 176 Extra"]
[Source "ChessBase"]
[SourceDate "2017.03.02"]
[SourceVersion "1"]
[SourceVersionDate "2017.03.02"]
[SourceQuality "1"]

1. e4 e6 2. d4 d5 3. Nd2 dxe4 4. Nxe4 Nd7 5. Nf3 Ngf6 6. Nxf6+ Nxf6 7. Bd3 Bd7 8. 0-0 c5 9. Bg5 Bc6 10. c3 Be7 11. dxc5 Bxc5 12. Ne5 Qd5 13. Nxc6 Qxg5 14. Nd4 0-0 15. Qf3 Bxd4 16. cxd4 b6 17. Rac1 Rad8 18. Rcd1 Rd7 19. Rfe1 Rfd8 20. Bc4 h6 21. Qe3 Qh4 22. g3 Qh5 23. Be2 Qd5 24. b3 Qa5 25. a4 Nd5 26. Qe5 Qb4 27. Bc4 Nf6 28. Kg2 Qa5 29. Qxa5 bxa5 30. Re5 1/2-1/2

[Event "EU-Cup 32nd"]
[Site "Novi Sad"]
[Date "2016.11.06"]
[Round "1.4"]
[White "Studer, Noel"]
[Black "Grove, Peter"]
[Result "1-0"]
[WhiteElo "2436"]
[BlackElo "2170"]
[PlyCount "77"]
[EventDate "2016.11.06"]
[EventType "team-swiss"]
[EventRounds "7"]
[EventCountry "SRB"]
[SourceTitle "CBM 176"]
[Source "ChessBase"]
[SourceDate "2017.01.17"]
[SourceVersion "1"]
[SourceVersionDate "2017.01.17"]
[SourceQuality "1"]
[WhiteTeam "Zuerich SG"]
[BlackTeam "Skanderborg Nordea"]
[WhiteTeamCountry "SUI"]
[BlackTeamCountry "DEN"]

1. d4 Nf6 2. c4 e6 3. g3 d5 4. Nf3 dxc4 5. Bg2 Bb4+ 6. Bd2 a5 7. Qc2 Bxd2+ 8. Qxd2 Ne4 9. Qf4 Nd6 10. Na3 0-0 11. Ne5 Qe7 12. 0-0 Nc6 13. Naxc4 Nxc4 14. Nxc4 Rd8 15. Rfd1 Nb4 16. a3 Nd5 17. Qe5 f6 18. Qh5 b5 19. Nd2 Bb7 20. Nb3 f5 21. Qf3 Ra6 22. Qd3 a4 23. Qxb5 Rb6 24. Qxa4 Bc6 25. Qc4 Bb5 26. Qc5 Qf7 27. Nc1 f4 28. Qc2 Rf8 29. Bf3 g5 30. g4 Nf6 31. a4 Ba6 32. a5 Rd6 33. Nd3 Qg7 34. Ne5 Rb8 35. Ra3 Rb4 36. Qc3 Rb5 37. Rb3 Rxe5 38. Rb8+ Kf7 39. Qxc7+ 1-0